000 00796nam a2200181Ia 4500
008 090124s9999 xx 000 0 und d
082 _b464
_a194
100 _aवासुदेवानंद सरस्वती महाराज ( टेंबेस्वामी )
245 _a अविचाराचा परिणाम
250 _a1
260 _c1908
300 _a5+162
600 _aवासुदेवानंद सरस्वती महाराज ( टेंबेस्वामी )
630 _a अविचाराचा परिणाम
700 _aवासुदेवानंद सरस्वती महाराज ( टेंबेस्वामी )
730 _a अविचाराचा परिणाम
942 _cBOOK
999 _c114424
_d114424